Piłkarze Manchesteru City - nagła śmierć - Statystyki

Ogólne statystyki
  • Ten quiz został rozwiązany 533 razy
  • Średni wynik to 14 z 20
Answers on the Grid
Answers color-coded by a green-red scale on the quiz's grid according to % correct below.
Erling Haaland
Cristiano Ronaldo
Kevin De Bruyne
Lionel Messi
Karim Benzema
Phil Foden
Robert Lewandowski
Raheem Sterling
Darwin Núñez
Arjen Robben
Vinicius Júnior
Rodri
Cole Palmer
Zlatan Ibrahimović
Bernardo Silva
Roberto Carlos
David Silva
Leroy Sané
Andriy Shevchenko
David Villa
Jesús Navas
Sergio Agüero
Milos Krasić
Javier Zanetti
Jérôme Boateng
Didier Drogba
Patrick Vieira
Jude Bellingham
Alexis Sánchez
João Cancelo
Mateo Kovacic
Manuel Neuer
Mohamed Salah
İlkay Gündoğan
Joan Capdevila
David Luiz
Frank Lampard
Javier Pastore
Xabi Alonso
George Weah
Ivan Rakitić
Nicolas Anelka
David Alaba
Emmanuel Adebayor
 
Statystyki odpowiedzi
Odpowiedź % Poprawnych
Erling Haaland
100%
Kevin De Bruyne
98%
Phil Foden
96%
Raheem Sterling
94%
Rodri
93%
Bernardo Silva
92%
David Silva
85%
Cole Palmer
81%
Leroy Sané
81%
Sergio Agüero
80%
İlkay Gündoğan
71%
João Cancelo
71%
Mateo Kovacic
67%
Jesús Navas
59%
Emmanuel Adebayor
53%
Frank Lampard
47%
Nicolas Anelka
40%
Patrick Vieira
29%
Jérôme Boateng
28%
George Weah
19%
Nie znaleziono quizów pasujących do podanych kryteriów
Rozkład punktacji
Procent ludzi z każdym wynikiem
Percentyl według liczby udzielonych odpowiedzi
Twoja historia wyników
Nie rozwiązałeś tego quizu